000 00616nam a2200193Ia 4500
005 20250508154128.0
008 008 250505s9999 xx 000 0 eng d
037 _aDissertations
040 _aFEDL
_beng
_cFEDL
041 _aeng
_2eng
084 _a155.2, RAK/DI
_qFEDL
100 _aRaksha Balvir
_9765104
245 0 _aStudy of the self concept, disparity between self image and perception by others and their relationship to adjustment
260 _c1966
300 _a138p.
546 _aM.Ed. Dissertation (Delhi University)
942 _cDIS
_h155.2, RAK/DI
999 _c1347867
_d1347867